| 000 | 00811nam a22002417a 4500 | ||
|---|---|---|---|
| 999 |
_c13960 _d13960 |
||
| 003 | AR-CdUCM | ||
| 008 | 190417b ||||| |||| 00| 0 spa d | ||
| 040 |
_aMUNICIPALIDAD PROVINCIAL DEL CUSCO _cBIBLIOTECA MUNICIPAL DEL CUSCO |
||
| 082 |
_a750.8 / _bR87 |
||
| 100 |
_aRowland, Benjamín _932599 |
||
| 245 | _aPinturas de las cuevas de Ajanta en la India / | ||
| 260 |
_aMéxico, D.F : _bHermes, _c1963. |
||
| 300 |
_a24, 28 páginas ; _bilustraciones, láminas plegables, _c16 cm. |
||
| 440 |
_aUNESCO, Hermes Bolsilibros de Arte. _n8 _932600 |
||
| 505 | _aContenido: Pinturas. | ||
| 650 |
_aPintura rupestre _932601 |
||
| 650 |
_aPintura mural y decorativa _932280 |
||
| 650 |
_aIndia _92692 |
||
| 650 |
_aAjanta _932602 |
||
| 710 |
_aUNESCO. _913999 |
||
| 942 |
_2ddc _cLIBROS |
||
| 945 |
_aachl _d2019-04-17 |
||